| Tag |
First Indicator |
Second Indicator |
Subfields |
| LEADER |
00000nam a2200000Ia 4500 |
| 001 |
in00004304313 |
| 005 |
20200810085802.0 |
| 006 |
m g d |
| 007 |
cr bn |||a|bb| |
| 008 |
870622s1654 enk o 00| | eng d |
| 035 |
|
|
|a (OCoLC)16016244
|
| 040 |
|
|
|a EAJ
|c EAJ
|d WaOLN
|
| 037 |
|
|
|a CL0037000038
|b ProQuest Information and Learning. 300 N. Zeeb Rd., Ann Arbor, MI 48106
|
| 090 |
|
|
|a BV4831
|b .R52
|
| 049 |
|
|
|a EAJA
|
| 100 |
1 |
|
|a Rich, Jeremiah,
|d d. 1660?
|
| 245 |
1 |
4 |
|a The mirrour of mercy in the midst of misery, or, Life triumphant in death, wherein free-will is abolished, and free-grace exalted :
|b with the large wonders of loves wounds /
|c written in a fit of sicknesse by Jeremiah Rich.
|
| 260 |
|
|
|a London :
|b Printed by J.G. for Nath. Brook ...,
|c 1654.
|
| 300 |
|
|
|a 1 online resource ([8], 40 pages)
|
| 336 |
|
|
|a text
|b txt
|2 rdacontent
|
| 337 |
|
|
|a computer
|b c
|2 rdamedia
|
| 338 |
|
|
|a online resource
|b cr
|2 rdacarrier
|
| 500 |
|
|
|a Imperfect: stained, tightly bound, with loss of printing.
|
| 500 |
|
|
|a Reproduction of original in the Huntington Library.
|
| 510 |
4 |
|
|a Wing
|c R1345
|
| 533 |
|
|
|a Electronic reproduction.
|b Ann Arbor, Mich. :
|c UMI,
|d 1999-
|f (Early English books online)
|n Digital version of: (Early English books, 1641-1700 ; 1155:41)
|7 s1999 miun s
|
| 650 |
|
0 |
|a Devotional literature.
|
| 740 |
0 |
|
|a Life triumphant in death, wherein free-will is abolished, and free-grace exalted.
|
| 830 |
|
0 |
|a Early English books online.
|
| 856 |
4 |
0 |
|u http://proxy.library.tamu.edu/login?url=https://search.proquest.com/docview/2240860073
|z Connect to the full text of this electronic book
|t 0
|
| 999 |
f |
f |
|s b60a3c1c-c52f-3791-9464-58494438ced6
|i aaaa9b01-970b-323f-85c3-8cd284f7c263
|t 0
|
| 952 |
f |
f |
|a Texas A&M University
|b College Station
|c Electronic Resources
|d Available Online
|t 0
|e BV4831 .R52
|h Library of Congress classification
|
| 998 |
f |
f |
|a BV4831 .R52
|t 0
|l Available Online
|